[Event "DVM u16 2005"]
[Site "Berlin"]
[Date "2005.12.28"]
[Round "3.3"]
[White "Grafl, Pascal"]
[Black "Krause, Fabian"]
[Result "1/2-1/2"]
[WhiteElo "1650"]
[BlackElo "1497"]
[PlyCount "75"]
[EventDate "1905.??.??"]

1. e4 e5 2. f4 d6 3. Nf3 g6 4. Bc4 Bg7 5. O-O Nf6 6. Nc3 Be6 7. Bxe6 fxe6 8.
fxe5 dxe5 9. d3 Nc6 10. Be3 Qd7 11. h3 O-O-O 12. Nb5 Kb8 13. a4 a6 14. Qe1 Nh5
15. Qc3 Rhf8 16. b4 Rf7 17. Na3 Na7 18. b5 axb5 19. Bxa7+ Kxa7 20. Qa5+ Kb8 21.
Nxb5 Qc6 22. Qa7+ Kc8 23. Qa8+ Kd7 24. Nxe5+ Bxe5 25. Rxf7+ Ke8 26. Rf8+ Kxf8
27. Qxd8+ Kg7 28. Rf1 Kh6 29. d4 Qxe4 30. dxe5 Qe3+ 31. Kh2 Qxe5+ 32. Kh1 Ng3+
33. Kg1 Qe3+ 34. Rf2 Ne2+ 35. Kf1 Ng3+ 36. Kg1 Ne2+ 37. Kf1 Ng3+ 38. Kg1
1/2-1/2

[Event "DVM u16 2005"]
[Site "Berlin"]
[Date "2005.12.28"]
[Round "3.1"]
[White "Berwanger, Tobias"]
[Black "Baisakow, Alexander"]
[Result "0-1"]
[WhiteElo "1594"]
[BlackElo "1926"]
[PlyCount "68"]
[EventDate "1905.??.??"]

1. c4 Nf6 2. Nc3 g6 3. g3 Bg7 4. Bg2 O-O 5. Nf3 d5 6. cxd5 Nxd5 7. d4 c5 8. O-O
Nc6 9. Nxd5 Qxd5 10. Ne5 Qxd4 11. Nxc6 bxc6 12. Bxc6 Rb8 13. Qxd4 cxd4 14. Be4
Ba6 15. Bd3 Bxd3 16. exd3 Rfc8 17. Re1 e5 18. a3 Rb3 19. Rd1 f5 20. f3 Rc2 21.
g4 e4 22. dxe4 fxe4 23. fxe4 Be5 24. Rd2 Rbxb2 25. Rxc2 Rxc2 26. h3 d3 27. Rb1
d2 28. Bxd2 Rxd2 29. Rb3 Rd4 30. Kg2 Rxe4 31. Rd3 Bf6 32. Kf3 Ra4 33. Rb3 Be7
34. Ke3 Rxa3 0-1

[Event "DVM u16 2005"]
[Site "Berlin"]
[Date "2005.12.28"]
[Round "3.2"]
[White "van Akkeren, Arno"]
[Black "Straßer, Manuel"]
[Result "1-0"]
[WhiteElo "1811"]
[BlackElo "1485"]
[PlyCount "115"]
[EventDate "1905.??.??"]

1. e4 c5 2. Nc3 Nc6 3. f4 d6 4. Nf3 e6 5. Bc4 Be7 6. O-O Nf6 7. d3 O-O 8. e5
dxe5 9. fxe5 Nxe5 10. Nxe5 Qd4+ 11. Kh1 Qxe5 12. Bf4 Qh5 13. Qe1 Ng4 14. Rf3
Bh4 15. Rh3 Bxe1 16. Rxh5 Bxc3 17. bxc3 b6 18. Rg5 Nh6 19. Bd6 Rd8 20. Be7 Rd7
21. Bf6 g6 22. Bb5 Rd5 23. Bc6 Rb8 24. Bxd5 exd5 25. Rxd5 Be6 26. Rd8+ Rxd8 27.
Bxd8 Nf5 28. Bg5 Kg7 29. a4 h6 30. Bd2 g5 31. c4 Kg6 32. a5 Nd4 33. axb6 axb6
34. Rb1 Nxc2 35. Rxb6 Nd4 36. Be3 Kf5 37. Bxd4 cxd4 38. Kg1 Kf4 39. Kf2 h5 40.
g3+ Ke5 41. Rb5+ Kf6 42. Kf3 Bf5 43. Ke2 Bg4+ 44. Kd2 Bd7 45. Rd5 Be6 46. Rxd4
Ke5 47. Re4+ Kf5 48. Rxe6 fxe6 49. c5 Ke5 50. d4+ Kd5 51. Ke3 e5 52. dxe5 Kxe5
53. c6 Kd6 54. Ke4 Kxc6 55. Kf5 h4 56. g4 Kd6 57. Kxg5 h3 58. Kh4 1-0

[Event "DVM u16 2005"]
[Site "Berlin"]
[Date "2005.12.28"]
[Round "3.3"]
[White "Krmpotic, Manuel"]
[Black "Kleinschmidt, Rene"]
[Result "1/2-1/2"]
[WhiteElo "1476"]
[BlackElo "1599"]
[PlyCount "59"]
[EventDate "1905.??.??"]

1. d4 d5 2. c4 c6 3. e3 Nf6 4. Nc3 a6 5. Bd2 b5 6. cxb5 cxb5 7. Nf3 Bg4 8. Be2
e6 9. Ne5 Bxe2 10. Qxe2 Bd6 11. Nd3 Nbd7 12. Rc1 O-O 13. O-O Qb8 14. h3 Rc8 15.
a3 Nb6 16. Na2 Nc4 17. Bb4 Ne4 18. Bxd6 Qxd6 19. Nc3 Ned2 20. Rfd1 Nb3 21. Rb1
Rc7 22. Na2 Rac8 23. Nac1 Nca5 24. Nxb3 Nxb3 25. Nb4 a5 26. Na2 Qb6 27. Rd3 a4
28. Rc3 Rc4 29. Kh1 h6 30. Kg1 1/2-1/2

[Event "DVM u16 2005"]
[Site "Berlin"]
[Date "2005.12.28"]
[Round "4.1"]
[White "Knickel, Aaron"]
[Black "Shmirina, Evgenija"]
[Result "1/2-1/2"]
[WhiteElo "1918"]
[BlackElo "2078"]
[PlyCount "111"]
[EventDate "2000.??.??"]

1. e4 d6 2. d4 Nf6 3. Nc3 e5 4. dxe5 dxe5 5. Qxd8+ Kxd8 6. Bg5 Be7 7. Nf3 Nbd7
8. Bc4 Ke8 9. Nb5 Bd8 10. Bxf6 gxf6 11. Nh4 Nb6 12. Be2 a6 13. Nc3 Be6 14.
O-O-O Be7 15. Nf5 Bb4 16. Ng7+ Kf8 17. Nxe6+ fxe6 18. Nb1 Bc5 19. Rhf1 Ke7 20.
c3 a5 21. Kc2 Nc8 22. f3 Nd6 23. Nd2 h5 24. g3 f5 25. Nc4 Nxc4 26. Bxc4 f4 27.
Rd2 Rad8 28. Rfd1 Rd6 29. gxf4 Rxd2+ 30. Rxd2 exf4 31. Rg2 Kf6 32. a4 c6 33.
Kd3 Rd8+ 34. Kc2 Be3 35. e5+ Kxe5 36. Rg5+ Kf6 37. Rxh5 Rd2+ 38. Kb3 Rf2 39.
Rh6+ Kg5 40. Rxe6 Rxf3 41. Re5+ Kf6 42. Re6+ Kf5 43. Re7 b6 44. Bd3+ Kf6 45.
Rh7 Rf2 46. Rh6+ Kg5 47. Rxc6 Rxh2 48. Rg6+ Kh5 49. Rf6 Kg4 50. Be4 Kg3 51.
Rg6+ Kf2 52. Kc4 f3 53. Rf6 Rh3 54. b4 axb4 55. cxb4 Ke2 56. Bxf3+ 1/2-1/2

[Event "DVM u16 2005"]
[Site "Berlin"]
[Date "2005.12.28"]
[Round "4.2"]
[White "Graf, Felix"]
[Black "Weber, Max"]
[Result "1-0"]
[WhiteElo "2069"]
[BlackElo "1885"]
[PlyCount "87"]
[EventDate "2000.??.??"]

1. d4 f5 2. c4 Nf6 3. Nf3 g6 4. g3 Bg7 5. Bg2 O-O 6. b4 d6 7. O-O Qe8 8. Bb2 a5
9. b5 h6 10. Nbd2 Nbd7 11. Qc2 e5 12. dxe5 dxe5 13. c5 e4 14. Nd4 Ne5 15. Nc4
Nxc4 16. Qxc4+ Qf7 17. Qxf7+ Kxf7 18. f3 Re8 19. a4 Bd7 20. Rac1 c6 21. b6 exf3
22. exf3 Re3 23. Rfe1 Rae8 24. Kf2 Rxe1 25. Rxe1 Nd5 26. Rxe8 Bxe8 27. Bf1 Bd7
28. Bc4 g5 29. Ke2 h5 30. Kd3 Be5 31. Nxc6 Bxc6 32. Bxe5 Ke7 33. Bb5 Nb4+ 34.
Ke3 Bd5 35. Bc3 Nc6 36. h4 f4+ 37. gxf4 gxh4 38. f5 h3 39. Kf2 h2 40. Kg2 Bxf3+
41. Kxh2 Be4 42. Kg3 Nd8 43. Kf4 Bc2 44. Be1 1-0

[Event "DVM u16 2005"]
[Site "Berlin"]
[Date "2005.12.28"]
[Round "4.3"]
[White "Seifert, Christopher"]
[Black "Rudolf, Sebastian"]
[Result "1/2-1/2"]
[WhiteElo "1809"]
[BlackElo "1901"]
[PlyCount "56"]
[EventDate "2000.??.??"]

1. e4 c5 2. Nf3 Nc6 3. d4 cxd4 4. Nxd4 Nf6 5. Nc3 e5 6. Ndb5 d6 7. Bg5 a6 8.
Na3 b5 9. Nd5 Be7 10. Bxf6 Bxf6 11. c4 b4 12. Nc2 a5 13. Bd3 O-O 14. Nce3 Bg5
15. h4 Bxe3 16. Nxe3 Nd4 17. g4 g6 18. Rh3 h5 19. f3 Rb8 20. Qd2 b3 21. a3 Nc2+
22. Bxc2 bxc2 23. b4 Qb6 24. b5 Be6 25. Rg3 hxg4 26. fxg4 Rfc8 27. Qxc2 Qc5 28.
Rc1 Qxa3 1/2-1/2

[Event "DVM u16 2005"]
[Site "Berlin"]
[Date "2005.12.28"]
[Round "4.4"]
[White "Kunze, Christopher"]
[Black "Hummel, Dennis"]
[Result "1-0"]
[WhiteElo "1733"]
[BlackElo "1548"]
[PlyCount "97"]
[EventDate "2000.??.??"]

1. e4 e6 2. d3 b6 3. g3 Bb7 4. Bg2 Nf6 5. Nc3 c5 6. f4 d5 7. e5 Nfd7 8. Nf3 Be7
9. d4 Nc6 10. Be3 cxd4 11. Nxd4 Rc8 12. Nce2 Ba6 13. O-O Nxd4 14. Bxd4 Nb8 15.
f5 Bxe2 16. Qxe2 O-O 17. f6 Bc5 18. Bxc5 Rxc5 19. c3 Nd7 20. Qg4 g6 21. Qg5 Kh8
22. Rf4 b5 23. Qh6 Rg8 24. Rh4 (24. Qxh7+ Kxh7 25. Rh4#) 24... Nf8 25. Rd1 Qb6
26. Kh1 Rc4 27. Rdd4 Qc7 28. Qe3 Nd7 29. Bf1 Rxd4 30. cxd4 a6 31. Qh6 Nf8 32.
Qd2 Nd7 33. b4 Qc6 34. g4 Qc7 35. Rh3 Qc8 36. Be2 Qc7 37. a4 bxa4 38. Bxa6 Qc6
39. Bf1 Qb7 40. b5 Qa7 41. Qe3 Nf8 42. Qc3 a3 43. Qc5 Qxc5 44. dxc5 Nd7 45. c6
Nxe5 46. Rxa3 Nxg4 47. b6 Nxf6 48. b7 Kg7 49. Ra8 1-0

[Event "DVM u16 2005"]
[Site "Berlin"]
[Date "2005.12.28"]
[Round "4.1"]
[White "Schneider, David"]
[Black "Bracker, Frank"]
[Result "0-1"]
[WhiteElo "2192"]
[BlackElo "1964"]
[PlyCount "90"]
[EventDate "2000.??.??"]

1. e4 c5 2. Nf3 d6 3. c3 Nf6 4. Be2 Bd7 5. d3 g6 6. O-O Bg7 7. Ne1 Nc6 8. f4
O-O 9. Be3 c4 10. Nd2 cxd3 11. Nxd3 e6 12. Bf3 Qc7 13. Qe1 e5 14. Qg3 Kh8 15.
Kh1 Rac8 16. Rac1 b6 17. Qh4 Ne8 18. f5 gxf5 19. exf5 Bxf5 20. Bxc6 Bxd3 21.
Be4 Bxe4 22. Nxe4 f6 23. Rf5 d5 24. Ng3 Rf7 25. Rh5 Bf8 26. Rf1 Qd7 27. Nf5 Rc4
28. Qg3 Nd6 29. Nh4 Rg4 30. Ng6+ Kg8 31. Nxf8 Rxg3 32. Nxd7 Rxe3 33. Nxf6+ Rxf6
34. Rg5+ Kf7 35. Rd1 Nc4 36. h3 Ke6 37. b3 Nd6 38. Rg7 Rf7 39. Rg8 Rxc3 40. Rd8
Rd7 41. Rxd7 Kxd7 42. Rxd5 Ke6 43. Rd2 a6 44. Kh2 b5 45. g4 a5 0-1

[Event "DVM u16 2005"]
[Site "Berlin"]
[Date "2005.12.28"]
[Round "4.2"]
[White "Held, Florian"]
[Black "Seyb, Alexander"]
[Result "0-1"]
[WhiteElo "1981"]
[BlackElo "2068"]
[PlyCount "60"]
[EventDate "2000.??.??"]

1. e4 c5 2. Nf3 d6 3. d4 cxd4 4. Nxd4 Nf6 5. Nc3 a6 6. Bg5 e6 7. f4 Nbd7 8. Qf3
Qc7 9. O-O-O b5 10. Bxb5 axb5 11. Ndxb5 Qb6 12. e5 Bb7 13. Qe2 dxe5 14. fxe5
Nd5 15. Nxd5 Bxd5 16. Rxd5 exd5 17. Nd6+ Bxd6 18. exd6+ Kf8 19. Qe7+ Kg8 20.
Rf1 Nf6 21. Bxf6 gxf6 22. Qxf6 Qe3+ 23. Kb1 Qe6 24. Qf4 Ra6 25. Qg3+ Kf8 26.
Qc3 Rg8 27. Rf6 d4 28. Rxe6 dxc3 29. d7 Ra8 30. Ra6 Ke7 0-1

[Event "DVM u16 2005"]
[Site "Berlin"]
[Date "2005.12.28"]
[Round "4.3"]
[White "Linsenmeyer, Mario"]
[Black "Colpe, Malte"]
[Result "0-1"]
[WhiteElo "1930"]
[BlackElo "1937"]
[PlyCount "144"]
[EventDate "2000.??.??"]

1. e4 e5 2. Nf3 Nc6 3. d4 exd4 4. Nxd4 Bc5 5. Nf5 Qf6 6. Nc3 Nge7 7. Ne3 O-O 8.
g3 d6 9. Bg2 Be6 10. O-O Ne5 11. Kh1 Nc4 12. Ned5 Nxd5 13. exd5 Bf5 14. g4 Bg6
15. f4 h6 16. Qe2 Nb6 17. f5 Bh7 18. Qf3 Nd7 19. Qg3 g5 20. fxg6 Qxg6 21. Rf5
Nf6 22. Bxh6 Qxh6 23. g5 Nh5 24. Qh4 Qg7 25. Rff1 Bg6 26. Bf3 Qh7 27. Ne4 Bd4
28. c3 Be5 29. Nf2 Nf4 30. Qg3 Nxd5 31. Qg1 Ne3 32. Rfe1 Nf5 33. Rxe5 dxe5 34.
Ng4 Kg7 35. Nxe5 Rh8 36. Rf1 Qh4 37. Bg4 Ng3+ 38. Kg2 Nxf1 39. Qd4 Rad8 40.
Nd7+ Kg8 41. Nf6+ Kf8 42. Qxd8+ Kg7 43. Qd4 Qxh2+ 44. Kxf1 Qh1+ 45. Kf2 Rh2+
46. Kg3 Rg2+ 47. Kf4 Qh2+ 48. Ke3 Qg3+ 49. Bf3 Qxg5+ 50. Qf4 Qxf4+ 51. Kxf4
Rxb2 52. Ne8+ Kf8 53. Nxc7 b6 54. a4 Bc2 55. Nb5 Ra2 56. Ke5 Rxa4 57. Bd5 Ra5
58. c4 Ke7 59. Nd4 Ba4 60. Nf5+ Kd7 61. Kf6 Rc5 62. Bxf7 Bb3 63. Be6+ Kc7 64.
Ne3 b5 65. cxb5 Bxe6 66. Kxe6 Rxb5 67. Nd5+ Kc6 68. Nc3 Rb3 69. Ne4 a5 70. Ke5
a4 71. Kd4 Rb4+ 72. Kd3 Rxe4 0-1

[Event "DVM u16 2005"]
[Site "Berlin"]
[Date "2005.12.28"]
[Round "4.4"]
[White "Meise, Leonard"]
[Black "Kirch, Daniel"]
[Result "0-1"]
[WhiteElo "1862"]
[BlackElo "1864"]
[PlyCount "94"]
[EventDate "2000.??.??"]

1. e4 Nf6 2. e5 Nd5 3. d4 d6 4. Nf3 Bg4 5. Be2 Nc6 6. e6 fxe6 7. Ng5 Bxe2 8.
Qxe2 Nxd4 9. Qe4 c5 10. c3 Nf6 11. Qd3 Qa5 12. b4 Qb5 13. Qxb5+ Nxb5 14. Nxe6
Kd7 15. Nxf8+ Rhxf8 16. a4 Nc7 17. bxc5 dxc5 18. Ba3 b6 19. Nd2 Ncd5 20. c4 Nf4
21. g3 Ne6 22. O-O-O Kc7 23. Rhe1 Nd4 24. Rxe7+ Nd7 25. Rxg7 Rxf2 26. Rxh7 Re8
27. Bb2 Ree2 28. Bxd4 cxd4 29. Rh4 d3 30. Rd4 Nc5 31. h4 Rxd2 32. Rxd2 Nb3+ 33.
Kb2 Nxd2 34. Kc3 Nf1 35. Rxd3 Rg2 36. h5 Nxg3 37. h6 Ne4+ 38. Kd4 Ng5 39. Kd5
Rh2 40. Rg3 Rh5 41. Ke5 Nf7+ 42. Kf6 Nxh6 43. Rg7+ Kb8 44. Kg6 Rh2 45. Rh7 Ng4
46. Re7 Rc2 47. Re4 Rxc4 0-1

[Event "DVM u16 2005"]
[Site "Berlin"]
[Date "2005.12.28"]
[Round "4.2"]
[White "Strathoff, Martin"]
[Black "Moshtael, Wesal"]
[Result "1/2-1/2"]
[WhiteElo "1945"]
[BlackElo "1966"]
[PlyCount "87"]
[EventDate "2000.??.??"]

1. d4 Nf6 2. c4 g6 3. Nc3 Bg7 4. e4 d6 5. Nf3 O-O 6. Be2 e5 7. O-O Nbd7 8. d5
Nc5 9. Qc2 a5 10. Ne1 Nfd7 11. Bg4 Qh4 12. Bxd7 Nxd7 13. Be3 f5 14. f3 Nf6 15.
Bf2 Qh5 16. c5 Rf7 17. cxd6 cxd6 18. Nb5 Ne8 19. Na7 Bd7 20. Qb3 b5 21. Nc6
fxe4 22. fxe4 Nf6 23. Qd3 Raf8 24. Nc2 Bh6 25. h3 g5 26. Rae1 g4 27. h4 g3 28.
Bxg3 Ng4 29. Rxf7 Rxf7 30. Nd8 Rf6 31. Nc6 Bf4 32. Nxa5 Nh6 33. Nc6 Qg4 34.
Bxf4 Qxf4 35. Rf1 Qxh4 36. Rxf6 Qxf6 37. Ne3 Qh4 38. Qb1 Qg3 39. Ne7+ Kg7 40.
N3f5+ Nxf5 41. exf5 Qe3+ 42. Kh1 Qh6+ 43. Kg1 Qe3+ 44. Kh2 {(=)} 1/2-1/2

[Event "DVM u16 2005"]
[Site "Berlin"]
[Date "2005.12.28"]
[Round "4.3"]
[White "Schmidt, Armin"]
[Black "Tkachuk, Konstantyn"]
[Result "1/2-1/2"]
[WhiteElo "1910"]
[BlackElo "1955"]
[PlyCount "64"]
[EventDate "2000.??.??"]

1. e4 e5 2. Nf3 Nc6 3. Bb5 a6 4. Ba4 Nf6 5. O-O Be7 6. Re1 b5 7. Bb3 O-O 8. h3
d6 9. c3 Na5 10. Bc2 c5 11. d4 Qc7 12. d5 Nc4 13. Nbd2 Nxd2 14. Bxd2 Nd7 15. a4
Bb7 16. Qe2 c4 17. Be3 Nc5 18. Ra2 Bf6 19. Rea1 g6 20. axb5 axb5 21. Rxa8 Rxa8
22. Rxa8+ Bxa8 23. Qd1 Qa7 24. Qb1 {(=)} Bd8 25. Nd2 Bb6 26. Qc1 f6 27. Qb1 Bb7
28. Qc1 Bc8 29. Qb1 Kg7 30. Kh2 Bd7 31. Kg1 Qb7 32. Nf1 Qa7 {(=)} 1/2-1/2

[Event "DVM u16 2005"]
[Site "Berlin"]
[Date "2005.12.28"]
[Round "4.4"]
[White "Wilms, Christoph"]
[Black "Wenzel, Birger"]
[Result "0-1"]
[WhiteElo "1520"]
[BlackElo "1672"]
[PlyCount "56"]
[EventDate "2000.??.??"]

1. d4 Nf6 2. c4 c5 3. d5 b5 4. cxb5 a6 5. bxa6 g6 6. Nc3 Bxa6 7. Nf3 d6 8. g3
Bg7 9. Bg2 O-O 10. O-O Nbd7 11. Re1 Qa5 12. e4 Rfb8 13. h3 Ne8 14. Qc2 Nc7 15.
a3 Nb5 16. Nxb5 Qxb5 17. Bf1 Qb3 18. Qxb3 Rxb3 19. Bxa6 Rxa6 20. Nd2 Rb7 21.
Rb1 Ne5 22. Re3 Ra4 23. f4 Nc4 24. Nxc4 Rxc4 25. Re2 Rb3 26. Kg2 Bd4 27. Ra1
Rd3 28. Rd2 Rxc1 0-1

[Event "DVM u16 2005"]
[Site "Berlin"]
[Date "2005.12.28"]
[Round "4.1"]
[White "Koch, Friedrich"]
[Black "Lange, Jan-David"]
[Result "0-1"]
[WhiteElo "1707"]
[BlackElo "1913"]
[PlyCount "70"]
[EventDate "2000.??.??"]

1. e4 e6 2. d4 d5 3. exd5 exd5 4. Bd3 Nc6 5. c3 Bd6 6. Ne2 Qh4 7. g3 Qe7 8. O-O
Bg4 9. f3 Be6 10. b4 Nf6 11. Bf4 Nh5 12. Bxd6 Qxd6 13. Qc2 Ne7 14. Nd2 Ng6 15.
f4 Bh3 16. Rf2 Nf6 17. f5 Ne7 18. Nf4 Bg4 19. h3 Bxh3 20. Nf3 g6 21. Re1 Bxf5
22. Bxf5 gxf5 23. Ng5 Ne4 24. Nxe4 dxe4 25. d5 Rg8 26. Re3 O-O-O 27. c4 Qxb4
28. Rb3 Qe1+ 29. Kh2 Rd6 30. Qb2 Rh6+ 31. Nh3 b6 32. Ra3 a5 33. Qd4 Rg5 34. d6
Rxh3+ 35. Kxh3 Rh5+ 0-1

[Event "DVM u16 2005"]
[Site "Berlin"]
[Date "2005.12.28"]
[Round "4.2"]
[White "Schäfer, Alexander"]
[Black "Nötzel, Felix"]
[Result "1-0"]
[WhiteElo "1784"]
[BlackElo "1743"]
[PlyCount "45"]
[EventDate "2000.??.??"]

1. e4 d5 2. exd5 Qxd5 3. Nc3 Qa5 4. d4 c6 5. Nf3 Nf6 6. Bc4 Bf5 7. Bd2 Qc7 8.
O-O e6 9. Re1 Bd6 10. d5 cxd5 11. Bxd5 Nxd5 12. Nxd5 Qxc2 13. Qxc2 Bxc2 14.
Rac1 Bg6 15. Rc8+ Kd7 16. Rxh8 exd5 17. Bc3 a5 18. Ne5+ Kc7 19. Rc1 Kb6 20.
Bd4+ Kb5 21. Nd7 Nxd7 22. Rxa8 Bb8 23. a4+ 1-0

[Event "DVM u16 2005"]
[Site "Berlin"]
[Date "2005.12.28"]
[Round "4.3"]
[White "Melzer, Alexander"]
[Black "Döring, Andreas"]
[Result "0-1"]
[WhiteElo "1551"]
[BlackElo "1693"]
[PlyCount "72"]
[EventDate "2000.??.??"]

1. Nf3 e6 2. g3 b6 3. Bg2 Bb7 4. d3 Nf6 5. c4 c5 6. Nc3 d6 7. Rb1 Nbd7 8. a3
Be7 9. b4 O-O 10. O-O Rc8 11. bxc5 $6 (11. b5 d5 12. cxd5 Nxd5 (12... exd5 13.
Nh4 $1 $14) 13. Bb2 Nxc3 14. Bxc3 Bf6 15. Qc2 Bxc3 16. Qxc3 Nf6 17. Rfc1 $1 (
17. Nd2 $143 Bxg2 18. Kxg2 Qd5+ 19. Kg1 $11) 17... Re8 18. Qe5 $1 Ra8 19. a4
$14) 11... Nxc5 12. a4 Qc7 (12... d5 $1) 13. Nb5 Qb8 14. Ba3 Qa8 15. Rb2 $6 (
15. Qd2 $1 Nfd7 16. a5 bxa5 (16... Ne5 17. axb6 axb6 18. Ne1 $14) 17. Qxa5 a6
18. Nbd4 $11) 15... Rfd8 16. Qc2 Bf8 $6 (16... Ng4 $1 17. h3 Ne5 $15) 17. Rfb1
$6 (17. a5 $1 a6 18. Nc3 d5 19. Bxc5 Bxc5 20. axb6 dxc4 21. dxc4 a5 $44) 17...
d5 18. cxd5 Nxd5 19. Qd1 a6 20. e4 axb5 21. exd5 Nxa4 22. Bxf8 Kxf8 23. dxe6
Nxb2 24. Qe2 fxe6 25. Qxe6 Bxf3 26. Qf5+ Kg8 27. Bxf3 Qa7 28. Re1 Qf7 29. Qxb5
Qxf3 30. Qxb2 Qxd3 31. Re7 Qd4 32. Qa2+ Kh8 33. h4 Qd1+ 34. Kh2 Rc1 35. Kh3
Qf1+ 36. Kg4 Qc4+ 0-1

[Event "DVM u16 2005"]
[Site "Berlin"]
[Date "2005.12.28"]
[Round "4.4"]
[White "Jannes, Alexander"]
[Black "Müller, Anna-Louise"]
[Result "1-0"]
[WhiteElo "1660"]
[BlackElo "1455"]
[PlyCount "59"]
[EventDate "2000.??.??"]

1. d4 Nf6 2. c4 g6 3. Nc3 Bg7 4. e4 d6 5. Nf3 O-O 6. Be2 Nbd7 7. O-O e5 8. d5
Nc5 9. Qc2 Ne8 10. b4 Na6 11. a3 f5 12. Bd3 f4 13. c5 Bg4 14. c6 Qc8 15. cxb7
Qxb7 16. Be2 Bxf3 17. Bxf3 Qc8 18. Be2 Nb8 19. Bd2 g5 20. f3 h5 21. Be1 g4 22.
Bf2 Rf6 23. Rfc1 Rg6 24. Nb5 Bh6 25. Nxc7 gxf3 26. Bxf3 Qh3 27. Kh1 Qd7 28.
Nxa8 Na6 29. Qc8 Qb5 30. Bxh5 1-0

[Event "DVM u16 2005"]
[Site "Berlin"]
[Date "2005.12.28"]
[Round "4.1"]
[White "Hirneise, Tobias"]
[Black "Günnigmann, Manuel"]
[Result "1-0"]
[WhiteElo "2149"]
[BlackElo "1824"]
[PlyCount "73"]
[EventDate "2000.??.??"]

1. e4 d5 2. exd5 Qxd5 3. Nc3 Qa5 4. d4 Nf6 5. Bc4 c6 6. Bd2 Bf5 7. Qe2 e6 8. d5
cxd5 9. Nxd5 Qd8 10. Nxf6+ gxf6 11. O-O-O Qc7 12. g4 Bg6 13. Nh3 Bd6 14. Bc3
Be5 15. Bxe5 fxe5 16. f4 exf4 17. Bxe6 Qxc2+ 18. Qxc2 Bxc2 19. Bxf7+ Kxf7 20.
Kxc2 Re8 21. Nxf4 Nc6 22. Rd7+ Re7 23. Rxe7+ Kxe7 24. Nd5+ Kf7 25. Rf1+ Kg7 26.
h4 Rd8 27. Nf6 Ne5 28. g5 Nc4 29. Re1 h6 30. Nh5+ Kg6 31. Nf4+ Kf5 32. Ne6 Rd6
33. gxh6 Kg6 34. Ng5 Rd4 35. h7 Rxh4 36. Re8 Kg7 37. Rg8+ 1-0

[Event "DVM u16 2005"]
[Site "Berlin"]
[Date "2005.12.28"]
[Round "4.2"]
[White "Seemann, Semjon"]
[Black "Hirneise, Jens"]
[Result "1-0"]
[WhiteElo "1844"]
[BlackElo "1902"]
[PlyCount "127"]
[EventDate "2000.??.??"]

1. e4 c5 2. Nf3 e6 3. d4 cxd4 4. Nxd4 a6 5. Nc3 Qc7 6. g3 Bb4 7. Bd2 Nc6 8.
Nxc6 dxc6 9. Bg2 Nf6 10. O-O h5 11. Nb5 axb5 12. Bxb4 c5 13. Bc3 h4 14. e5 Nh5
15. Qg4 b4 16. Bd2 Qxe5 17. Qxh4 Qxb2 18. Rad1 f6 19. Be4 Ke7 20. g4 Qd4 21.
gxh5 g5 22. Bxg5 Qe5 23. Bf4 Qxh5 24. Qxh5 Rxh5 25. Bg6 Rh8 26. Bd6+ Kd7 27.
Be4 Rxa2 28. Bxc5+ Kc7 29. Bxb4 Ra4 30. c3 e5 31. Ra1 Rxa1 32. Rxa1 f5 33. Bg2
Rg8 34. Kf1 Bd7 35. Bf3 e4 36. Be2 f4 37. Bc4 Rg6 38. Ke2 Rg2 39. Bd5 Bg4+ 40.
Kf1 Bf3 41. Ra7 Rxh2 42. Rxb7+ Kc8 43. Rg7 Rh1+ {(=)} 44. Rg1 Be2+ 45. Kxe2
Rxg1 46. Bxe4 Kd7 47. Kf3 Rf1 48. Bc5 Ke6 49. Kxf4 Ra1 50. c4 Re1 51. Bd5+ Kf6
52. Bd4+ Ke7 53. c5 Rd1 54. Ke5 Re1+ 55. Be4 Kd7 56. f4 Kc7 57. Kf5 Kd7 58. Be5
Re2 59. c6+ Kc8 60. Bd5 Rxe5+ 61. Kxe5 Kc7 62. f5 Kd8 63. Kd6 Kc8 64. Be6+ 1-0

[Event "DVM u16 2005"]
[Site "Berlin"]
[Date "2005.12.28"]
[Round "4.3"]
[White "Zeyher, Marius"]
[Black "Catrais, Michael"]
[Result "1/2-1/2"]
[WhiteElo "1611"]
[BlackElo "1635"]
[PlyCount "123"]
[EventDate "2000.??.??"]

1. e4 c5 2. Nf3 Nc6 3. d4 cxd4 4. Nxd4 Nf6 5. Nc3 e5 6. Ndb5 d6 7. Bg5 a6 8.
Na3 b5 9. Bxf6 gxf6 10. Nd5 Bg7 11. c3 Ne7 12. Bd3 Nxd5 13. exd5 f5 14. Nc2 Qg5
15. g3 Bd7 16. a4 O-O 17. axb5 axb5 18. Rxa8 Rxa8 19. O-O e4 20. Be2 f4 21. Re1
Be5 22. Bf1 e3 23. fxe3 fxg3 24. Bg2 gxh2+ 25. Kh1 Kh8 26. Qf3 Rg8 27. Nd4 Bg4
28. Qf2 Bd7 29. Qf3 Rg6 30. Nc6 Rf6 31. Qe2 Bg3 32. Rf1 Bg4 33. Qxb5 Qxe3 34.
Nd4 Be5 35. Qc4 h5 36. Nc2 Qg3 37. Rxf6 Bxf6 38. Qf1 Kg7 39. Nd4 Qe5 40. Nf3
Qf4 41. Nxh2 Qg3 42. Nxg4 Qxg4 43. Qf3 Qh4+ 44. Kg1 Be5 45. Kf1 Qg5 46. Kf2 h4
47. Ke2 Bg3 48. Qe3 Qg4+ 49. Qf3 Qc4+ 50. Qd3 Qb3 51. Qd4+ f6 52. Qg4+ Kh6 53.
Qd4 Qxb2+ 54. Qd2+ Qxd2+ 55. Kxd2 Bf2 56. Ke2 Bb6 57. Kf3 Kg5 58. Bh3 f5 59.
Bg2 f4 60. Bh3 Ba7 61. Be6 Bb6 62. Bh3 1/2-1/2

[Event "DVM u16 2005"]
[Site "Berlin"]
[Date "2005.12.28"]
[Round "4.4"]
[White "Günnigmann, Laura"]
[Black "Belzner, Jonas"]
[Result "1-0"]
[WhiteElo "1490"]
[BlackElo "1582"]
[PlyCount "75"]
[EventDate "2000.??.??"]

1. e4 d5 2. exd5 Qxd5 3. Nc3 Qa5 4. Bc4 Bf5 5. d3 c6 6. Bd2 e6 7. Nge2 Nf6 8.
O-O Nbd7 9. Ng3 Bg6 10. f4 Qb6+ 11. Kh1 Bd6 12. Qe2 O-O-O 13. a4 Qc7 14. Nce4
Bxe4 15. dxe4 e5 16. f5 Nf8 17. b4 Qe7 18. b5 cxb5 19. Bxb5 Bc5 20. a5 b6 21.
axb6 Bxb6 22. Ba5 N6d7 23. Rf3 Kb8 24. Rfa3 Bxa5 25. Rxa5 Nb6 26. Bd3 Qc7 27.
c4 Nfd7 28. Qa2 Nc8 29. Qa3 Nf6 30. c5 Rd7 31. Ba6 Rhd8 32. h3 Rd1+ 33. Rxd1
Rxd1+ 34. Kh2 Rb1 35. Bxc8 Kxc8 36. Rxa7 Rb7 37. Qa6 Ne8 38. c6 1-0

[Event "DVM u16 2005"]
[Site "Berlin"]
[Date "2005.12.28"]
[Round "4.1"]
[White "Zeldin, Leonid"]
[Black "Kanevski, Vladyslav"]
[Result "1-0"]
[WhiteElo "1849"]
[BlackElo "1728"]
[PlyCount "43"]
[EventDate "2000.??.??"]

1. e4 c5 2. Nc3 e6 3. g3 Nc6 4. Bg2 Nf6 5. f4 d6 6. Nf3 Be7 7. O-O Qc7 8. h3 a6
9. d3 b6 10. Be3 Bb7 11. d4 cxd4 12. Nxd4 O-O 13. g4 Rad8 14. g5 Nd7 15. f5
Nxd4 16. Qxd4 exf5 17. exf5 Rfe8 18. Nd5 Bxd5 19. Bxd5 Bf8 20. Bxf7+ Kxf7 21.
Qd5+ Ke7 22. Qe6# 1-0

[Event "DVM u16 2005"]
[Site "Berlin"]
[Date "2005.12.28"]
[Round "4.2"]
[White "Steinbach, Ulrich"]
[Black "Heyden, Jonas"]
[Result "1/2-1/2"]
[WhiteElo "1673"]
[BlackElo "1920"]
[PlyCount "63"]
[EventDate "2000.??.??"]

1. e4 e5 2. Nf3 Nc6 3. Nc3 Nf6 4. g3 Bb4 5. Bg2 d6 6. d3 h6 7. O-O Bg4 8. h3
Bh5 9. Be3 O-O 10. g4 Bg6 11. Nh4 Ne7 12. f4 exf4 13. Bxf4 Nd7 14. Nf5 Ba5 15.
Ne2 Nxf5 16. gxf5 Bh5 17. Bf3 Qh4 18. Kh2 Ne5 19. Bxh5 Qxh5 20. Ng3 Qxd1 21.
Raxd1 Rad8 22. d4 Nd7 23. Rg1 Kh7 24. Rg2 Nf6 25. Rdg1 Rg8 26. c4 Bb6 27. e5
dxe5 28. Bxe5 Nd7 29. Nh5 g6 30. fxg6+ fxg6 31. Nf6+ Nxf6 32. Bxf6 1/2-1/2

[Event "DVM u16 2005"]
[Site "Berlin"]
[Date "2005.12.28"]
[Round "4.3"]
[White "Luft, Dennis"]
[Black "Khorolinsky, Juliyan"]
[Result "1-0"]
[WhiteElo "1837"]
[BlackElo "1677"]
[PlyCount "79"]
[EventDate "2000.??.??"]

1. e4 e5 2. Nf3 Nc6 3. Bc4 Nf6 4. d3 Bc5 5. Nc3 d6 6. Bg5 Be6 7. Bb3 Qe7 8. Nd5
Bxd5 9. exd5 Nd4 10. c3 Nf5 11. Ba4+ Kd8 12. O-O h6 13. Bxf6 Qxf6 14. Nd2 g5
15. Ne4 Qg6 16. Re1 Bb6 17. Qg4 Ke7 18. d4 Kf8 19. dxe5 dxe5 20. Ng3 Nxg3 21.
Qxg3 e4 22. Qe5 Rg8 23. Rxe4 Qd6 24. Qxd6+ cxd6 25. Rae1 Rc8 26. Re7 Rc7 27.
Rxc7 Bxc7 28. Re8+ Kg7 29. Re7 Bb6 30. Rxb7 Rc8 31. Rd7 Bc5 32. Kf1 a5 33. Rb7
Ra8 34. f3 Kf6 35. Bc6 Ra7 36. Rb5 Ra6 37. a4 Ke5 38. Ke2 Bg1 39. h3 Bb6 40.
Bb7 1-0

[Event "DVM u16 2005"]
[Site "Berlin"]
[Date "2005.12.28"]
[Round "4.4"]
[White "Musiol, Lukas"]
[Black "Strathoff, Jens"]
[Result "0-1"]
[WhiteElo "1498"]
[BlackElo "1838"]
[PlyCount "64"]
[EventDate "2000.??.??"]

1. e4 e5 2. f4 exf4 3. Nf3 d6 4. Bc4 Nc6 5. d3 g5 6. h4 g4 7. Ng5 Ne5 8. Bb3 h6
9. d4 hxg5 10. dxe5 dxe5 11. Bxf7+ Ke7 12. Qxd8+ Kxd8 13. h5 Nf6 14. Bg6 c6 15.
Bd2 g3 16. Bc3 Bd6 17. Nd2 Ke7 18. Nf3 Bg4 19. Nxe5 Bxe5 20. Bxe5 Rh6 21. Bd4
Rah8 22. e5 Nxh5 23. Bxh5 Rxh5 24. Rxh5 Rxh5 25. Kd2 Rh2 26. Rg1 f3 27. Kd3 f2
28. Bxf2 gxf2 29. Rf1 Rxg2 30. Ke3 Ke6 31. Rxf2 Rxf2 32. Kxf2 Kxe5 0-1